000 00190 a2200097 4500
020 _a9780439574600
041 _aeng
100 _aMcNamara,Margaret
245 _athe pumpkin Patch
942 _cBK
999 _c8831
_d8831